The naked and the dead

Uloženo v:
Podrobná bibliografie
Hlavní autor: Mailer, Norman (autor)
Médium: Kniha
Jazyk:angličtina
Vydáno: Nueva York Owl Book 1981
Vydání:1a. ed
Témata:
Tagy: Přidat tag
Žádné tagy, Buďte první, kdo vytvoří štítek k tomuto záznamu!

MARC

LEADER 00000nam a2200000 a 4500
001 UCG5449
003 CL-VaPUC
008 110310e19810000US |||||||||||||||||eng|d
020 |a 0805005218 
082 0 4 |a 813  |b MAI  |2 21 
100 |a Mailer, Norman  |e autor  |9 599558 
245 1 4 |a The naked and the dead 
250 |a 1a. ed 
300 |a 721 p 
942 |c BK 
945 |d 20110310 00:00:00  |a cmena 
260 |a Nueva York  |b Owl Book  |c 1981 
650 0 |a Novelas estadounidenses  |9 265217 
650 0 |a Segunda Guerra Mundial  |9 325982 
650 0 |a Literatura estadounidense  |9 317168 
583 |a last modification  |c 20110310 00:00:00  |k Rodrigo Vera 
999 |c 343961  |d 343959 
952 |0 0  |1 0  |4 0  |6 813_000000000000000_MAI_1981  |7 0  |8 A  |9 441684  |a BIBEDU  |b BIBEDU  |d 2019-11-22  |i 4738101  |o 813 MAI 1981  |p 4738101  |r 2019-11-22  |w 2019-11-22  |y BK  |k LIT